UM Logo
Normal view MARC view
  • Ross, F.

Entry Personal Name

Number of records used in: 1

001 - CONTROL NUMBER

  • control field: 42713

003 - CONTROL NUMBER IDENTIFIER

  • control field: OSt

005 - DATE AND TIME OF LATEST TRANSACTION

  • control field: 20210106141351.0

008 - FIXED-LENGTH DATA ELEMENTS

  • fixed length control field: 210106|| aca||aabn | a|a d

040 ## - CATALOGING SOURCE

  • Original cataloging agency: OSt
  • Transcribing agency: OSt

100 ## - HEADING--PERSONAL NAME

  • Personal name: Ross, F.
  • Relator term: Author.

670 ## - SOURCE DATA FOUND

  • Source citation: Work cat.: (OSt): 42692 Gabre, Helen., Addressing the challenges of diversity in the profession: , ©2015.